000 02328nam a2200217Ia 4500
999 _c15397
_d15397
003 OSt
005 20220101160316.0
008 160316s1997 xxu||||| |||| 00| 0 eng d
020 _a9041103899
040 _c.
082 _a344.046 KUP
_bKUP
100 _aKuppe Rene
245 _aLaw and anthropology : Natural resources, environment, and legal pluralism
260 _aThe Hague
_bMartinus Nijhoff Publishers
_c1997
300 _a325p
_cvii
365 _bRs.5,070.20
505 _aCONTENTS; Introduction; -Franz von Benda-Beckmann Citizens, Strangers, and Indigenous People: Multiple Constructions and Consequences of Rights, Resources and People ; -June Prill-Brett Ancestral Land Rights and Legal Pluralism: Another Land Reform in the Northern Philippines Highland ....... 43 -Monique Nuijlen Privatization of the Ejido in Mexico: The Interplay Between Legal Change and Local Practice ........... 72 ick van de Giesen and Marc Andreini Legal Quagmires: Wetland Use in Rwanda and Zimbabwe ......... 105 Cyprian Fisiy Conflicting Approaches to the Management of a Natural Resource Base: The Case of Land Colonization on the Slopes of Mount Oku, Cameroon ...... 124 David Mardiros Fighting for Country: Aboriginal Land Associations and Common Law Claims in the Kimberley Region of Western Australia ............ 146 Richard Cullen Natural Resources in the Offshore: The Australian Position after Mabo's Case.... . .... 158 John Bayly The Denedeh Conservation Board: An Experiment in Aboriginal Resources and Environmental Management........... 175 Stephen Conn Nuclear Waste and Eskimo Hunters: A Clash of Law Ways and Culture .......... 211 Monika Ludesche EI Regimen Legal de los Recursos Naturales en el Peril y sus Consecuencias para los Pueblos Indigenas de la Amazonia ....... .. 226 Rene Kuppe The Indigenous Peoples of Venezuela Between Agrarian Law and Environmental Law ...... 244 Willernien Brooijmans The Plains of Tortuguero: Tropical Paradise or Paradise Lost? ... 258 Keebet von Benda-Beckmann Environmental Protection: A Trojan Horse for Human Rights of Indigenous People? .... 302 List of Contributors ….324
650 _a1. Environmental Protection2. Natural Resources - Consevations
700 _aPotz Richard
_a
942 _2ddc
_cREP